000
00317nam a22001337a 4500
020
_a
0 85157 182 4
082
_a
025.3 HUN
100
_a
Hunter J. Eric
_9
6864
245
_a
Cataloguing : A guidebook
260
_a
London
_b
Clive Bingley
_c
1968
300
_a
184p, ill.;22cm
500
_a
Include index
942
_c
BK
999
_c
19124
_d
19124